000 00780cpcaa2200241 4500
001 mm 80003534
003 DLC
005 20260227111702.0
008 800729|||||||||||| fre
010 _amm 80003534
040 _aDLC
_cDLC
_edacs
_dDLC
041 _afre
_aeng
072 7 _aC
_2lcmd
100 1 _aAlden, John.
245 0 0 _aJohn Alden correspondence,
_f1937-1938.
300 _a8
_fitems.
506 0 _aOpen to research.
546 _aCollection material in French, with English.
580 _aForms part of: Miscellaneous Manuscripts collection.
600 1 0 _aAlden, John
_vCorrespondence.
999 _c42693
_d42693